Mapping our World (Record no. 50331)
[ view plain ]
| 000 -LEADER | |
|---|---|
| fixed length control field | 00659nam a2200193 a 4500 |
| 008 - FIXED-LENGTH DATA ELEMENTS--GENERAL INFORMATION | |
| fixed length control field | 120416s2003 ||||||||||||||||| || u |
| 020 ## - INTERNATIONAL STANDARD BOOK NUMBER | |
| International Standard Book Number | 1589480228 |
| 050 ## - LIBRARY OF CONGRESS CALL NUMBER | |
| Classification number | G 70.3 Mal |
| 100 ## - MAIN ENTRY--PERSONAL NAME | |
| Personal name | Voigt, Christine L |
| 245 10 - TITLE STATEMENT | |
| Title | Mapping our World |
| 260 ## - PUBLICATION, DISTRIBUTION, ETC. | |
| Place of publication, distribution, etc. | Redlands, Calif.: |
| Name of publisher, distributor, etc. | ESRI Press |
| Date of publication, distribution, etc. | 2003 |
| 300 ## - PHYSICAL DESCRIPTION | |
| Extent | xxiii, 535p. : ill. |
| 350 ## - PRICE (NR) (BK AM CF MU VM SE) [OBSOLETE] | |
| Price | 0.00 |
| 650 ## - SUBJECT ADDED ENTRY--TOPICAL TERM | |
| Topical term or geographic name entry element | GEOGRAPHIC INFORMATION SYSTEMS--STUDY AND TEACHING |
| 650 ## - SUBJECT ADDED ENTRY--TOPICAL TERM | |
| Topical term or geographic name entry element | GEOGRAPHY |
| 650 ## - SUBJECT ADDED ENTRY--TOPICAL TERM | |
| Topical term or geographic name entry element | ARCGIS |
| 700 ## - ADDED ENTRY--PERSONAL NAME | |
| Personal name | Malone, Lyn |
| 995 ## - RECOMMENDATION 995 [LOCAL, UNIMARC FRANCE] | |
| -- | 0.00 |
| -- | CBU-MAIN LIBRARY (Kitwe) |
| -- | 1 |
| -- | 79.95 |
| -- | 1 |
| -- | AVAILABLE |
| -- | Dec 20, 2006 |
| -- | Main Library Open Access Collection |
| Withdrawn status | Lost status | Source of classification or shelving scheme | Damaged status | Not for loan | Home library | Current library | Shelving location | Date acquired | Total Checkouts | Full call number | Barcode | Date last seen | Price effective from | Koha item type |
|---|---|---|---|---|---|---|---|---|---|---|---|---|---|---|
| CBU-MAIN LIBRARY, KITWE. | CBU-MAIN LIBRARY, KITWE. | 11/30/2022 | G 70.3 Mal | 43526 | 11/30/2022 | 11/30/2022 | MONOGRAPH |